000 00327 a2200157 4500
001 165252
020 _a
040 _cMagnum
100 _aKalinovski, Rita
240 1 0 _aAonde vai o que eu sinto
_lpor
245 1 0 _aAonde vai o que eu sinto
362 0 _a1899
440 1 _aDimensão
697 _aI/GERAL
942 _cBK
999 _c165252
_d165252